000 00271nam a22001217a 4500
082 _a954.91 PAK'A
100 _aALLANA, G
_93790
245 _aPAKISTAN MOVEMENT HISTORIC DOCUMENTS
250 _a2ND
260 _aKARACHI
_bPARADISE
_c1968
300 _a606P
942 _cBK
999 _c585205
_d585205